00829nam a22002417a 450000500170000001000150001702000260003203500140005803700130007208200180008524500890010326000400019227000440023230000290027650000190030570000160032470000240034070000150036470000230037994200320040299900190043495201340045320161205113057.0 aENG-116719 a9788184845440c850.00 aEN-100251 bDBAD/PUB a338.927091724 aTechnology sustainability and managing development /cedited by Sadip Kar...[et al] aNew DelhibRegal Publicationsc2016 aF-159 Rajouri GardenbNew Delhie110027 ax,195p. :billc22cm(Hb) aIncludes index aKar, Sandip aRubaiyet Hasan Khan aErshad Ali aGeetha Subramaniam 2ddccENh338.927091724mTEC c104942d104942 001040708NFICaLbLd2016-11-30eDBADg850.00l0o338.927091724 TECpEN-100251r2016-12-05 00:00:00t1v850.00w2016-12-05yEN